Loading...
| Ancient History and Archaeology | 6 | 11.67 | 67% | 67% | 133% |
| Beliefs | 6 | 11.67 | 133% | 100% | 67% |
| British and Commonwealth History | 4 | 15.00 | 300% | 150% | 0% |
| Fine Arts - Auditory | 5 | 10.00 | 80% | 40% | 120% |
| Fine Arts - Visual | 4 | 10.00 | 0% | 150% | 50% |
| History - American | 3 | 10.00 | 133% | 133% | 0% |
| History - European | 3 | 6.67 | 267% | 0% | 0% |
| History - World | 5 | 10.00 | 240% | 80% | 0% |
| Literature - American | 4 | 15.00 | 300% | 50% | 100% |
| Literature - British | 3 | 13.33 | 400% | 0% | 67% |
| Literature - European | 4 | 15.00 | 100% | 100% | 150% |
| Other Academic | 2 | 15.00 | 200% | 100% | 100% |
| Other Arts: Visual | 3 | 16.67 | 133% | 67% | 200% |
| Other Science: Computer Science | 1 | 10.00 | 0% | 200% | 0% |
| Other Science: Earth Science | 2 | 10.00 | 200% | 100% | 0% |
| Other Science: Math | 1 | 10.00 | 0% | 200% | 0% |
| Philosophy | 2 | 15.00 | 0% | 100% | 200% |
| Science - Biology | 2 | 15.00 | 200% | 100% | 100% |
| Science - Physics | 2 | 10.00 | 0% | 100% | 100% |
| Social Science | 4 | 12.50 | 200% | 100% | 50% |
| World and Other Literature | 3 | 13.33 | 267% | 133% | 0% |